Tradición oral e historia : el barrio de Jocotenango en la Nueva Guatemala de la Asunción (1875-1920) /
Furkejuvvon:
| Váldodahkki: | |
|---|---|
| Materiálatiipa: | Dovdameahttun |
| Giella: | Spanish |
| Fáttát: | |
| Fáddágilkorat: |
Lasit fáddágilkoriid
Eai fáddágilkorat, Lasit vuosttaš fáddágilkora!
|
MARC
| LEADER | 000000000a22000000004500 | ||
|---|---|---|---|
| 001 | 002089 | ||
| 041 | 0 | |a spa | |
| 100 | 1 | |a Taracena Enriquez, Julio R. | |
| 245 | 1 | 0 | |a Tradición oral e historia : |b el barrio de Jocotenango en la Nueva Guatemala de la Asunción (1875-1920) / |c Julio R. Taracena Enriquez. |
| 310 | |a anual | ||
| 650 | 4 | |a TRADICION ORAL | |
| 650 | 4 | |a LEYENDAS GUATEMALTECAS | |
| 650 | 4 | |a FOLKLORE | |
| 650 | 4 | |a GUATEMALA | |
| 773 | 0 | |x 0071-6774 |d Guatemala : Instituto Panamericano de Geografía e Historia |t Folklore Americano |g número 60 (1999), páginas 95-108 | |
| 942 | |c ARC | ||
| 999 | |c 9769 |d 9769 | ||
